[Event "Mechanics' Fall TNM; G/2"]
[Site "San Francisco"]
[Date "2015.12.15"]
[Round "9.34"]
[White "Mathrubootham, Gan"]
[Black "Erdenebileg, Erkhes"]
[Result "1-0"]
[WhiteElo "1346"]
[BlackElo "1125"]
[PlyCount "77"]
[EventDate "2015.??.??"]

1. d4 d5 2. Nf3 Nf6 3. e3 e6 4. Bd3 c6 5. O-O Bd6 6. b3 O-O 7. Bb2 Nbd7 8. Nbd2
b6 9. Ne5 Bb7 10. f4 c5 11. Ndf3 Ne4 12. Bxe4 dxe4 13. Nxd7 exf3 14. Nxf8 Qxf8
15. gxf3 cxd4 16. Bxd4 Ba6 17. Rf2 Rd8 18. Rd2 f6 19. c4 Bb4 20. Rd3 Bb7 21. a3
Be7 22. Ra2 e5 23. Bc3 Rxd3 24. Qxd3 exf4 25. e4 Bxa3 26. Rd2 Bc5+ 27. Bd4 Bb4
28. Bc3 Bc5+ 29. Kf1 Be3 30. Rd1 Qa3 31. Qd8+ Kf7 32. Qd7+ Qe7 33. Qb5 a6 34.
Qf5 g6 35. Qh3 Bc6 36. Qxh7+ Kf8 37. Qxg6 Be8 38. Qxf6+ Qxf6 39. Bxf6 1-0

[Event "Mechanics' Fall TNM; G/2"]
[Site "San Francisco"]
[Date "2015.11.03"]
[Round "3.32"]
[White "Mathrubootham, Gan"]
[Black "Lourme, Nicholas R"]
[Result "0-1"]
[WhiteElo "1346"]
[BlackElo "1668"]
[PlyCount "90"]
[EventDate "2015.??.??"]

1. d4 d5 2. Nf3 c6 3. c4 Nf6 4. Nc3 e6 5. e3 Bd6 6. Bd2 O-O 7. Bd3 Nbd7 8. O-O
dxc4 9. Bxc4 b5 10. Bd3 Bb7 11. a3 a6 12. Rc1 e5 13. dxe5 Nxe5 14. Nxe5 Bxe5
15. Bb1 c5 16. e4 h6 17. Qe2 Re8 18. Rfe1 Rc8 19. Rcd1 Qc7 20. h3 Re7 21. Rc1
Rce8 22. f3 Nh5 23. f4 Bd4+ 24. Be3 Nxf4 25. Qd2 Be5 26. Nd5 Nxd5 27. Rxc5 Bh2+
28. Kh1 Qg3 29. Rxd5 Bxd5 30. Bf2 Qd6 31. Rd1 Bg3 32. Bxg3 Qxg3 33. Qxd5 Qe5
34. Qc6 Qxb2 35. Qxa6 Rc7 36. Kh2 Qe5+ 37. Kh1 Rec8 38. Ba2 Rc1 39. Rg1 Rxg1+
40. Kxg1 Rc1+ 41. Kf2 Rc2+ 42. Kg1 Qa1+ 43. Kh2 Qxa2 44. Qa8+ Kh7 45. e5 Re2
0-1

[Event "Mechanics' Fall TNM; G/2"]
[Site "San Francisco"]
[Date "2015.10.20"]
[Round "1.23"]
[White "Mathrubootham, Gan"]
[Black "Sarafian, Greg M"]
[Result "0-1"]
[WhiteElo "1346"]
[BlackElo "1913"]
[PlyCount "70"]
[EventDate "2015.??.??"]

1. d4 Nf6 2. Nf3 e6 3. e3 c5 4. Bd3 Nc6 5. O-O d5 6. b3 Qc7 7. Bb2 cxd4 8. exd4
Nb4 9. Nc3 Nxd3 10. Qxd3 Bd7 11. Ne5 a6 12. Rac1 Bd6 13. f4 O-O 14. Nd1 Ne4 15.
c4 Qd8 16. c5 Bxe5 17. fxe5 Bb5 18. Qe3 Bxf1 19. Kxf1 Qh4 20. Nc3 Nxc3 21. Rxc3
Qxh2 22. Qg5 f6 23. Qg4 fxe5+ 24. Ke2 exd4 25. Rg3 Qh6 26. Qxd4 Rf7 27. Qe5
Raf8 28. Bd4 Kh8 29. Rh3 Qg6 30. Ke3 Qxg2 31. Qh5 Qf2+ 32. Kd3 Rf3+ 33. Rxf3
Rxf3+ 34. Be3 Rxe3+ 35. Kd4 Qd2# 0-1

[Event "Mechanics' Fall TNM; G/2"]
[Site "San Francisco"]
[Date "2015.12.01"]
[Round "7.35"]
[White "Mathrubootham, Gan"]
[Black "Yamamoto, Shu"]
[Result "0-1"]
[WhiteElo "1346"]
[BlackElo "1571"]
[Annotator "Donaldson"]
[PlyCount "68"]
[EventDate "2015.??.??"]

1. d4 d5 2. Nf3 Nf6 3. e3 e6 4. Bd3 Nbd7 5. O-O Be7 6. b3 O-O 7. Bb2 c5 8. Nbd2
b6 9. Qe2 Bb7 10. Ne5 a6 11. f4 Ne4 12. c4 Nxd2 13. Qxd2 Nf6 14. Qc2 Rc8 15.
Rad1 b5 16. Qe2 b4 17. dxc5 Bxc5 18. Bd4 Bxd4 19. exd4 dxc4 20. bxc4 Qxd4+ 21.
Kh1 Qc3 22. Rd2 Rfd8 23. Rfd1 g6 24. Nf3 Nh5 25. g3 Qg7 26. c5 Qh6 27. Be4 $4
Nxg3+ 28. Kg2 Nxe2 (28... Rxd2) 29. Rxd8+ Rxd8 30. Rxd8+ Kg7 31. Bxb7 Nxf4+ 32.
Kh1 Qh3 33. Ng1 Qf1 34. Rd2 Nh3 0-1

[Event "Mechanics' Leighton Allen TNM; G/2"]
[Site "San Francisco"]
[Date "2015.09.22"]
[Round "8.34"]
[White "Mathrubootham, Ganesh"]
[Black "Gurovich, Roman"]
[Result "1-0"]
[WhiteElo "1346"]
[BlackElo "1716"]
[PlyCount "57"]
[EventDate "2015.??.??"]

1. d4 d6 2. Nf3 Nd7 3. e4 e5 4. Nc3 h6 5. Bb5 c6 6. Bc4 exd4 7. Nxd4 Ngf6 8.
Bf4 Qb6 9. Nb3 Ne5 10. Be2 Be6 11. O-O Be7 12. Be3 Qc7 13. h3 Rd8 14. Nd4 Bc4
15. f4 Bxe2 16. Qxe2 Ned7 17. Nf5 g6 18. Nxe7 Kxe7 {Diagram [#]} 19. e5 $1 dxe5
20. fxe5 Nd5 21. Nxd5+ cxd5 22. Qf2 Rdf8 23. Rad1 b6 24. Rxd5 g5 25. Bd2 Kd8
26. Bb4 Kc8 27. Bxf8 Rxf8 28. Qf5 Rd8 29. Rfd1 1-0

[Event "Mechanics' Spring TNM; G/2"]
[Site "San Francisco"]
[Date "2015.04.07"]
[Round "4.17"]
[White "Mathrubootham, Ganesh"]
[Black "McCarty-Snead, Callaghan"]
[Result "0-1"]
[WhiteElo "1141"]
[BlackElo "1801"]
[PlyCount "50"]
[EventDate "2015.??.??"]

1. d4 Nf6 2. Nf3 g6 3. e3 Bg7 4. Bd3 O-O 5. O-O d6 6. c4 Nbd7 7. Nc3 e5 8. Re1
Qe7 9. Qc2 Re8 10. dxe5 dxe5 11. Nd2 Nc5 12. e4 c6 13. b4 Ne6 14. Ba3 Nf4 15.
Bf1 Be6 16. Ne2 Ng4 17. Rab1 Qh4 18. Nf3 Qxf2+ 19. Kh1 Ne3 20. Qc1 Nxe2 21.
Rxe2 Qxf1+ 22. Qxf1 Nxf1 23. Rc1 Bh6 24. Nxe5 Bxc1 25. Bxc1 f6 0-1

[Event "Mechanics' Leighton Allen TNM; G/2"]
[Site "San Francisco"]
[Date "2015.09.08"]
[Round "6.26"]
[White "Mathrubootham, Ganesh"]
[Black "Morgan, Jerry Dugl"]
[Result "0-1"]
[WhiteElo "1346"]
[BlackElo "1645"]
[Annotator "Donaldson"]
[PlyCount "79"]
[EventDate "2015.??.??"]

1. d4 d5 2. Nc3 c6 3. e4 dxe4 4. Nxe4 Bf5 5. Ng3 Bg6 6. Bf4 Nf6 7. Nf3 Nbd7 8.
Bd3 e6 9. O-O Nd5 10. Be3 Bd6 11. Qd2 Qc7 12. c4 Nf4 13. Bxg6 Nxg6 14. Rfe1 O-O
15. Rac1 Nf6 16. Bg5 Be7 17. Ne4 Nxe4 18. Rxe4 Rad8 19. Bxe7 Qxe7 20. d5 Qd6
21. c5 $1 Qd7 (21... Qxd5 22. Rd4) 22. d6 f6 23. Rce1 e5 24. Qc2 Rfe8 25. Nh4
Nf4 26. h3 Nd5 27. Rg4 Qf7 28. Nf5 Kh8 29. Rxg7 Qh5 30. Rg4 Rg8 31. Qe4 Nf4 32.
Rxg8+ Rxg8 33. Ng3 Qf7 34. Rd1 Qxa2 35. d7 Qa5 36. Qf5 Qd8 37. Rd6 Nd5 38. Ne4
Rf8 39. Qh5 Rg8 40. Qf7 {White is winning but later blundered and lost.} 0-1

[Event "Mechanics' Leighton Allen TNM; G/2"]
[Site "San Francisco"]
[Date "2015.08.25"]
[Round "4.29"]
[White "Mathrubootham, Ganesh"]
[Black "Sherwood, Peter"]
[Result "1/2-1/2"]
[WhiteElo "1346"]
[BlackElo "1633"]
[Annotator "Sherwood"]
[PlyCount "207"]
[EventDate "2015.??.??"]

1. d4 Nf6 2. Nc3 d5 3. Bg5 e6 4. e4 dxe4 5. Nxe4 Be7 6. Nxf6+ Bxf6 7. Bxf6 Qxf6
8. Nf3 O-O 9. Bd3 Nc6 10. Qd2 Rd8 11. O-O-O a5 12. g4 Qxf3 13. Qc3 Qd5 14. h4
Qxa2 15. h5 Qd5 16. h6 g6 17. Bc4 Qg5+ 18. Kb1 Qf6 19. g5 Qh8 20. Qf3 Ne7 21.
d5 Nf5 22. Rhe1 Bd7 23. dxe6 Bxe6 24. Rxe6 Rxd1+ 25. Qxd1 fxe6 26. Qd7 Kf8 27.
Bxe6 Ne7 28. f4 Rc8 29. Qb5 Qd4 30. Bxc8 Qd1+ 31. Ka2 Qd5+ 32. Qxd5 Nxd5 33. f5
Ne7 34. fxg6 hxg6 35. Bxb7 Kg8 36. Kb3 Kh7 37. Kc4 Nf5 38. Kb5 Nd4+ 39. Kxa5
Nxc2 40. b4 Nd4 41. Bd5 c6 42. Bxc6 Nxc6+ 43. Kb5 Nd4+ 44. Ka6 Ne6 45. b5 Nxg5
{now the position is a theoretical draw} 46. b6 Ne4 47. Kb5 Nd6+ $8 48. Kc6 $4
{loses to} ({White draws with either} 48. Kb4 {or}) (48. Kc5) 48... Nc8 $4 {
but this restores White's win} (48... Nc4 $8 49. b7 Na5+ $19) 49. b7 Ne7+ 50.
Kd7 Nf5 51. b8=Q Kxh6 52. Qh2+ ({An example of a winning plan is} 52. Qf4+ Kh5
53. Ke6 Nh6 54. Kf6 Ng8+ 55. Ke5 Nh6 56. Qf3+ Kg5 57. Qf6+ Kh5 58. Kf4) 52...
Kg7 53. Ke6 Nd4+ 54. Ke7 Nf5+ 55. Ke6 Nd4+ 56. Kd5 Nf5 57. Qf4 Ne7+ 58. Ke6 Nf5
59. Qg5 Nd4+ 60. Kd7 Nf5 61. Ke8 Nd6+ 62. Kd7 Nf5 63. Qc1 Kf6 64. Qc6+ Kg5 65.
Qg2+ Kf6 66. Qc6+ Kg5 67. Qc5 Kf6 68. Qf8+ Kg5 69. Ke6 Nd4+ 70. Kf7 Nf5 71. Qc5
Kh6 72. Kf6 Kh5 73. Qf8 Nh4 74. Qh8+ Kg4 75. Qh6 Kg3 76. Kg5 Nf3+ 77. Kxg6 Kf2
78. Qf4 Ke2 79. Kf5 Nd2 80. Kg4 Kd3 81. Kg3 Kc3 82. Qe3+ Kc2 83. Kf2 Nb3 84.
Ke2 Nc1+ 85. Ke1 Nd3+ 86. Kf1 Nc1 87. Qc5+ Kd2 88. Qb4+ Kc2 89. Qc4+ Kd2 90.
Qf4+ Kc2 91. Qf2+ Kd3 92. Qe1 Kc2 93. Qe4+ Kd2 94. Qd4+ Kc2 95. Qa1 Kd1 96. Qb1
Kd2 97. Qb2+ Kd1 98. Kg2 Nd3 99. Qa2 Ke1 100. Kf3 Ne5+ 101. Ke3 Ng4+ 102. Kd3
Ne5+ 103. Kc3 Nf3 104. Qb1+ {and after a few more moves, White's time expired,
but Black does not have mating material.} 1/2-1/2

[Event "Mechanics' Summer TNM; G/2"]
[Site "San Francisco"]
[Date "2015.05.26"]
[Round "1.32"]
[White "Mathrubootham, Ganesh"]
[Black "Sherwood, Peter"]
[Result "1/2-1/2"]
[WhiteElo "1141"]
[BlackElo "1698"]
[Annotator "Sherwood"]
[PlyCount "159"]
[EventDate "2015.??.??"]

1. d4 d5 2. Nf3 Nf6 3. e3 e6 4. Bd3 c5 5. b3 Nc6 6. O-O Bd6 7. Bb2 O-O 8. Ne5
cxd4 9. exd4 Qc7 10. f4 Nb4 11. Nc3 Nxd3 12. Qxd3 a6 13. Rf3 Bd7 14. Rh3 g6 15.
Rf1 Bb4 16. Nd1 b5 17. Ne3 Rac8 18. Rh6 Kg7 19. Rh4 Be7 20. g4 Ne4 21. g5 Nd6
22. Bc1 Nf5 23. Nxf5+ exf5 24. Qh3 Rh8 25. Rf2 (25. Nxf7 Kxf7 26. Rxh7+ Rxh7
27. Qxh7+ Kf8) 25... Be6 26. Qd3 Qc3 27. Qxc3 Rxc3 28. Bb2 Rc7 29. Rh3 Rhc8 30.
c3 Bd6 31. Re3 Kg8 32. h4 $138 b4 33. Rff3 a5 34. Kf2 Bd7 35. c4 Bxe5 36. Rxe5
dxc4 37. bxc4 Rxc4 38. Ke3 Rc2 39. Rf2 Rxf2 40. Kxf2 Rc2+ 41. Re2 Rxe2+ 42.
Kxe2 Be6 43. a3 Bd5 44. Kd3 Kf8 45. axb4 axb4 46. Kc2 Ke7 47. Bc1 f6 48. Bd2
b3+ 49. Kb2 fxg5 50. hxg5 Ke6 51. Kc3 Kd6 52. Bc1 Kc6 53. Ba3 Kb5 54. Bd6 Ka4
55. Kb2 Kb5 56. Be5 Kc4 57. Bf6 Kd3 58. Be5 Kc4 59. Bg7 Be4 60. Be5 Bc2 61. Bg7
Kd5 62. Bf6 Ke4 63. Be5 Ke3 $2 64. d5 Be4 65. d6 Bc6 66. Kxb3 Ke4 67. Kc4 Bd7
68. Kc5 Ke3 69. Kb6 Kf3 70. Kc7 Ba4 71. d7 Bxd7 72. Kxd7 Kg4 73. Ke7 Kh5 74.
Kf6 h6 75. gxh6 Kxh6 76. Bd6 Kh5 77. Kg7 $4 (77. Bf8 $18) 77... g5 78. fxg5
Kxg5 79. Bb8 f4 80. Bxf4+ 1/2-1/2

[Event "Mechanics' Winter TNM; 30/90, SD/30"]
[Site "San Francisco"]
[Date "2015.01.20"]
[Round "3.25"]
[White "Matz, James"]
[Black "Hilliard, Michael"]
[Result "1-0"]
[WhiteElo "1734"]
[BlackElo "1400"]
[PlyCount "57"]
[EventDate "2015.??.??"]

1. Nf3 d5 2. g3 c5 3. Bg2 e6 4. O-O Nc6 5. d3 Nf6 6. Nbd2 Be7 7. e4 O-O 8. c3
b6 9. e5 Nd7 10. d4 f6 11. exf6 Nxf6 12. Qe2 Re8 13. Nb3 Bd6 14. Ne5 Qc7 15.
Bf4 Nd7 16. Qh5 Ba6 17. Qf7+ Kh8 18. Qxd7 Bxf1 19. Qxc7 Bxc7 20. Bxf1 Nxe5 21.
dxe5 c4 22. Nd4 h6 23. Re1 g5 24. Bc1 a6 25. Bh3 b5 26. Bxe6 Re7 27. Bxd5 Rxe5
28. Rxe5 Bxe5 29. Bxa8 1-0

[Event "Mechanics' Winter TNM; 30/90, SD/30"]
[Site "San Francisco"]
[Date "2015.02.03"]
[Round "5.23"]
[White "McCarty-Snead, Callaghan"]
[Black "Allen, Tom"]
[Result "1-0"]
[WhiteElo "1843"]
[BlackElo "1565"]
[Annotator "Donaldson"]
[PlyCount "125"]
[EventDate "2015.??.??"]

1. Nf3 Nc6 2. g3 e5 3. d3 d5 4. Bg2 Nf6 5. O-O Bg4 6. h3 Be6 7. Ng5 Qd7 8. Nxe6
Qxe6 9. Nd2 Bc5 10. e4 dxe4 11. Nxe4 Nxe4 12. dxe4 Rd8 13. Qe1 Nd4 14. Qa5 Ne2+
15. Kh2 Qc4 16. b3 Qc3 17. Qb5+ c6 18. Qxe2 Qxa1 19. Bg5 Qd4 20. Bxd8 Qxd8 21.
Qg4 O-O 22. Qf5 f6 23. Qe6+ Kh8 24. Qc4 Qe7 25. c3 Rd8 26. Qe2 a5 27. Bf3 b5
28. Kg2 b4 29. cxb4 axb4 30. Rc1 Qd6 31. Qc2 Bd4 32. Qxc6 Bc3 33. Qxd6 Rxd6 34.
a3 (34. a4) 34... Rd8 35. a4 Kg8 36. Be2 Kf8 37. Bc4 Ke7 38. Bd5 Kd6 39. Rd1
Kc5 40. g4 (40. Kf3) 40... g5 41. Kg3 Kb6 42. Rd3 Rd6 43. h4 h6 44. hxg5 hxg5
45. Rd1 Rd7 46. Rh1 Kc5 47. Rh6 Rd6 48. Rh7 Kb6 49. Rb7+ Ka6 50. Rb5 Rb6 51.
Rc5 Rd6 52. f3 Bd4 53. Bc4+ Kb6 54. Rb5+ Ka7 55. Rd5 Rc6 (55... Rxd5 56. exd5
Kb6 57. Kg2 Kc5 58. Kf1 Kd6 59. Ke2 Ke7 60. Kd3 Bc5 61. Ke4 Kf7 62. d6+ Kg6 63.
d7 Bb6 64. Kd5) 56. a5 Rxc4 57. bxc4 b3 58. Rb5 b2 59. Kg2 Ka6 60. Kf1 Bc3 61.
Ke2 Bxa5 62. Rxb2 Bb6 63. Kd3 1-0

[Event "Mechanics' Winter TNM; 30/90, SD/30"]
[Site "San Francisco"]
[Date "2015.01.06"]
[Round "1.29"]
[White "McCarty-Snead, Callaghan"]
[Black "Olson, David"]
[Result "1-0"]
[WhiteElo "1843"]
[BlackElo "1400"]
[PlyCount "65"]
[EventDate "2015.??.??"]

1. Nf3 Nf6 2. g3 c5 3. Bg2 g6 4. O-O Bg7 5. d3 O-O 6. e4 d6 7. a4 Nc6 8. c3 Bg4
9. h3 Bd7 10. Nh4 Qc8 11. Kh2 Qc7 12. f4 e6 13. g4 h6 14. Kh1 Kh7 15. f5 g5 16.
Nf3 d5 17. Qe2 e5 18. exd5 Nxd5 19. Nxg5+ hxg5 20. Bxd5 Rae8 21. Bxg5 f6 22.
Bd2 Rh8 23. Qf2 Bf8 24. h4 Ne7 25. Be4 Rg8 26. g5 Kg7 27. h5 fxg5 28. f6+ Kh6
29. f7 Bg7 30. Qg3 Bh8 31. fxg8=N+ Rxg8 32. Rf7 Rg7 33. Qxg5+ 1-0

[Event "Mechanics' Spring TNM; G/2"]
[Site "San Francisco"]
[Date "2015.04.21"]
[Round "6.18"]
[White "McCarty-Snead, Callaghan"]
[Black "Simpkins, Jerry"]
[Result "1-0"]
[WhiteElo "1801"]
[BlackElo "1478"]
[PlyCount "109"]
[EventDate "2015.??.??"]

1. e4 e5 2. Nf3 Nc6 3. c3 d6 4. d4 exd4 5. cxd4 Bg4 6. Bb5 Bxf3 7. Qxf3 a6 8.
Ba4 b5 9. Bb3 Nf6 10. e5 Nxd4 11. Qe3 Nxb3 12. exf6+ Kd7 13. Qh3+ Ke8 14. Qxb3
Qxf6 15. Qd5 Qe6+ 16. Qxe6+ fxe6 17. O-O Be7 18. Re1 Kf7 19. Nc3 Bf6 20. Ne4 d5
21. Nxf6 gxf6 22. Bf4 e5 23. Bg3 c5 24. b3 c4 25. Rac1 Rac8 26. f4 e4 27. Bf2
Ke6 28. Bd4 Rhf8 29. g3 b4 30. bxc4 dxc4 31. Be3 Rfd8 32. Bb6 Rd6 33. Ba5 f5
34. Bxb4 Rd3 35. Rcd1 Rb8 36. Rxd3 cxd3 37. a3 Rc8 38. g4 Rg8 39. g5 Rc8 40. h4
Kd5 41. h5 Kd4 42. Bd2 Rc2 43. Be3+ Kc3 44. g6 d2 45. Rd1 Kd3 46. Kf2 Rc6 47.
Rxd2+ Kc3 48. g7 Rc8 49. h6 Kb3 50. Rd6 a5 51. Rf6 Kxa3 52. Rf8 Rc2+ 53. Kg3
Re2 54. Bc5+ Kb3 55. g8=Q+ 1-0

[Event "Mechanics' Winter TNM; 30/90, SD/30"]
[Site "San Francisco"]
[Date "2015.01.20"]
[Round "3.7"]
[White "McCarty-Snead, Callaghan"]
[Black "Whitehead, Paul"]
[Result "0-1"]
[WhiteElo "1843"]
[BlackElo "2365"]
[Annotator "Donaldson"]
[PlyCount "138"]
[EventDate "2015.??.??"]

1. Nf3 d6 2. g3 e5 3. d3 f5 4. Bg2 Nf6 5. O-O g6 6. c4 Nc6 7. Nc3 Bg7 8. Bd2
O-O 9. Rb1 h6 10. b4 g5 11. b5 Ne7 12. c5 Ng6 13. cxd6 cxd6 14. e4 g4 15. Ne1
f4 16. b6 f3 17. Bh1 Be6 18. bxa7 Rxa7 19. Be3 Ra6 20. Qd2 Kh7 21. Rxb7 Rf7 22.
Rxf7 Bxf7 23. Nc2 Qa5 24. a3 Ra8 25. Nb1 d5 26. exd5 Nxd5 27. Qxa5 Rxa5 28. h3
h5 29. Bd2 Ra4 30. Nc3 Nxc3 31. Bxc3 e4 32. Bxg7 exd3 33. Nb4 Kxg7 34. Nxd3
Rxa3 35. Nc5 Bc4 36. Rc1 Ne5 37. Re1 Be2 {Diagram #} 38. Ne6+ (38. hxg4 hxg4
39. Bg2 fxg2 40. Rxe2 Nf3+ 41. Kxg2 Ra1) 38... Kh6 39. Nf4 Nd3 40. Nxd3 Rxd3
41. hxg4 hxg4 42. Ra1 (42. Bg2 Rd1 43. Rxd1 Bxd1 44. Bf1 Be2) 42... Rd1+ 43.
Rxd1 Bxd1 44. Kf1 Kg5 45. Ke1 Be2 46. Kd2 Bf1 47. Bxf3 gxf3 48. Ke3 Kg4 49. Ke4
Be2 50. Ke3 Kf5 51. Kd4 Ba6 52. Ke3 Bb7 53. Kd4 Kg4 54. Ke5 Kh3 55. Kf4 Kg2 56.
Ke3 Bd5 57. g4 Ba2 58. g5 Bb3 59. g6 Ba2 60. g7 Bg8 61. Kf4 Kxf2 62. Kf5 Kg3
63. Kf6 f2 64. Ke7 f1=Q 65. Kd8 Qf7 66. Kc8 Qe7 67. Kb8 Qd7 68. Ka8 Bd5+ 69.
Kb8 Qb7# 0-1

[Event "Mechanics' Winter TNM; 30/90, SD/30"]
[Site "San Francisco"]
[Date "2015.02.10"]
[Round "6.48"]
[White "McCarty-Snead, Fianna"]
[Black "Ayinala, Nihar"]
[Result "0-1"]
[WhiteElo "588"]
[BlackElo "1030"]
[PlyCount "40"]
[EventDate "2015.??.??"]

1. e4 c5 2. Nf3 Nc6 3. Nc3 g6 4. d4 cxd4 5. Nxd4 Bg7 6. Nxc6 bxc6 7. Bc4 e6 8.
Bf4 Ne7 9. O-O O-O 10. Qg4 d5 11. Bd3 dxe4 12. Bxe4 e5 13. Bg5 Bxg4 14. Bf3
Bxf3 15. gxf3 Rb8 16. Rfd1 Qc7 17. Ne4 Rxb2 18. Nc5 Rxc2 19. Nd7 Rd8 20. Rd3
Rxd7 0-1

[Event "Mechanics' Spring TNM; G/2"]
[Site "San Francisco"]
[Date "2015.04.28"]
[Round "7.42"]
[White "McCarty-Snead, Fianna"]
[Black "Olson, David"]
[Result "0-1"]
[WhiteElo "638"]
[BlackElo "1426"]
[Annotator "Winslow,Elliott"]
[PlyCount "41"]
[EventDate "2015.??.??"]

1. e4 e5 2. Nf3 d6 3. Bc4 Be6 4. Bxe6 fxe6 5. d3 Ne7 6. Bg5 h6 7. Bxe7 Bxe7 8.
Qd2 Nd7 9. Nc3 O-O 10. O-O c6 11. Qe3 Nf6 12. Nh4 Nxe4 13. Ng6 Ng5 14. Nxf8
Qxf8 15. Rfe1 Qf5 16. Qe2 Bf6 17. Qh5 Rf8 18. Na4 g6 19. Qxh6 $2 Rf7 $1 20. Qh4
Rh7 $2 (20... Nf3+ $1) 21. Qg3 0-1

[Event "Mechanics' Winter TNM; 30/90, SD/30"]
[Site "San Francisco"]
[Date "2015.01.06"]
[Round "1.36"]
[White "McCarty-Snead, Fianna"]
[Black "Palmeri, Ralph"]
[Result "0-1"]
[WhiteElo "588"]
[BlackElo "1708"]
[PlyCount "30"]
[EventDate "2015.??.??"]

1. e4 c5 2. Nf3 Nc6 3. Nc3 e6 4. Bc4 a6 5. O-O b5 6. Bd3 d6 7. Re1 Qc7 8. Qe2
Be7 9. Qe3 Nf6 10. Be2 O-O 11. d3 Bb7 12. Bd1 Rfd8 13. Kf1 d5 14. exd5 exd5 15.
Bd2 d4 {and soon ...0-1} 0-1

[Event "Mechanics' Winter TNM; 30/90, SD/30"]
[Site "San Francisco"]
[Date "2015.01.20"]
[Round "3.43"]
[White "McCarty-Snead, Fianna"]
[Black "Robertson, Guy"]
[Result "0-1"]
[WhiteElo "588"]
[BlackElo "1477"]
[PlyCount "44"]
[EventDate "2015.??.??"]

1. e4 c5 2. Nf3 d6 3. Bb5+ Nc6 4. d3 a6 5. Bxc6+ bxc6 6. d4 cxd4 7. Nxd4 Bd7 8.
Nf5 g6 9. Ne3 Bg7 10. Bd2 Nf6 11. Nc3 O-O 12. Nc4 d5 13. exd5 cxd5 14. Ne5 Bc8
15. Nc6 Qc7 16. Nxd5 Nxd5 17. Nd4 Bxd4 18. Bh6 Qe5+ 19. Kf1 Bxb2 20. Bxf8 Bxa1
21. Qf3 Bc3 22. Bh6 Qe1# 0-1

[Event "Mechanics' Summer TNM; G/2"]
[Site "San Francisco"]
[Date "2015.07.14"]
[Round "8.14"]
[White "McKellar, Daniel"]
[Black "Askin, David"]
[Result "1/2-1/2"]
[WhiteElo "1642"]
[BlackElo "1959"]
[PlyCount "103"]
[EventDate "2015.??.??"]

1. d4 Nf6 2. Nf3 d5 3. c4 e6 4. Nc3 c6 5. e3 Nbd7 6. Bd3 dxc4 7. Bxc4 b5 8. Bd3
a6 9. e4 c5 10. e5 cxd4 11. Nxb5 axb5 12. exf6 gxf6 13. Qe2 Qb6 14. Bxb5 Bb7
15. O-O Ra5 16. Bxd7+ Kxd7 17. Rd1 Rd5 18. Bf4 Bc5 19. Rac1 Rg8 20. Qc2 Rf5 21.
Bg3 Bxf3 22. gxf3 h5 23. Qa4+ Ke7 24. Kf1 Rd5 25. a3 Bd6 26. Rc6 Qb8 27. Bxd6+
Rxd6 28. Rxd6 Qxd6 29. Rxd4 Qxh2 30. Rd7+ Kf8 31. Rd8+ Kg7 32. Rxg8+ Kxg8 33.
f4 h4 34. Qa8+ Kh7 35. Qg2 Qxf4 36. b4 Qc1+ 37. Ke2 Qb2+ 38. Kf1 Qc1+ 39. Ke2
Qc4+ 40. Ke1 Qc3+ 41. Kf1 Qxa3 42. Qe4+ Kg8 43. Qxh4 Qc1+ 44. Ke2 Qc2+ 45. Kf1
Kf8 46. Qxf6 Qb1+ 47. Kg2 Qxb4 48. Qd8+ Kg7 49. Qg5+ Kh7 50. Qh5+ Kg8 51. Qg5+
Kf8 52. Qd8+ 1/2-1/2

[Event "Mechanics' Leighton Allen TNM; G/2"]
[Site "San Francisco"]
[Date "2015.09.29"]
[Round "9.16"]
[White "McKellar, Daniel"]
[Black "Bayaraa, Chinguun"]
[Result "1-0"]
[WhiteElo "1615"]
[BlackElo "1904"]
[Annotator "Donaldson"]
[PlyCount "81"]
[EventDate "2015.??.??"]

1. c4 Nf6 2. Nc3 e6 3. d4 d5 4. cxd5 exd5 5. Bg5 Be7 6. e3 c6 7. Bd3 Nbd7 8.
Nge2 O-O 9. O-O h6 10. Bh4 b6 11. Qc2 c5 12. Bg3 Bb7 13. Nb5 Ne8 14. Rac1 a6
15. Nbc3 Nef6 16. a4 c4 17. Bf5 Bc6 18. Nf4 b5 19. axb5 axb5 20. e4 dxe4 21. d5
Bb7 22. Rcd1 Bc5 23. Nxe4 Nxe4 24. Bxe4 Nf6 25. Bf3 Bd6 26. Qf5 Bc8 27. Qc2 Bd7
{Diagram [#]} 28. Ne6 $1 fxe6 29. dxe6 (29. Bxd6 $1) 29... Bxg3 30. hxg3 Ra7
31. Bc6 $2 (31. exd7 Rxd7 32. b3) 31... Qc8 $2 (31... Bxc6 32. Rxd8 Rxd8 {
and Black has too much material for the queen.}) 32. exd7 Nxd7 33. Bxb5 Nb6 34.
Rd6 Qc5 35. Qg6 Nc8 36. Rd7 Rxd7 37. Bxd7 Nb6 38. Be6+ Kh8 39. g4 Na4 40. Bf5
Kg8 41. Re1 {Black lost on time but the position is also resignable.} 1-0

[Event "Mechanics' Leighton Allen TNM; G/2"]
[Site "San Francisco"]
[Date "2015.09.15"]
[Round "7.26"]
[White "McKellar, Daniel"]
[Black "Chalissery, Jossy"]
[Result "1-0"]
[WhiteElo "1615"]
[BlackElo "1586"]
[PlyCount "99"]
[EventDate "2015.??.??"]

1. c4 b6 2. d4 Bb7 3. Nc3 e6 4. a3 Nf6 5. Bf4 Be7 6. e3 d6 7. Nf3 c5 8. Bd3
cxd4 9. exd4 d5 10. Nb5 Na6 11. Rc1 Rc8 12. Nxa7 Ra8 13. Nb5 O-O 14. O-O Rc8
15. Qe2 Nc7 16. Bxc7 Rxc7 17. Nxc7 Qxc7 18. cxd5 Qf4 19. Qe5 Bd6 20. Qxf4 Bxf4
21. Rc2 Bxd5 22. Nd2 h5 23. g3 Bd6 24. h4 Ng4 25. Rfc1 Bb7 26. Be4 Ba6 27. Rc6
f5 28. Bf3 Rd8 29. Rxb6 Bxg3 30. fxg3 Rxd4 31. Rxa6 Rxd2 32. Bxg4 hxg4 33. Rxe6
Rxb2 34. Ra1 Rb3 35. Kf2 Rf3+ 36. Kg2 Kf7 37. Re2 Kf6 38. a4 g5 39. hxg5+ Kxg5
40. Rf2 Rc3 41. a5 Rc8 42. a6 Ra8 43. a7 Kf6 44. Rb2 f4 45. gxf4 Kf5 46. Kg3
Rh8 47. Rb5+ Ke6 48. Kxg4 Rg8+ 49. Kf3 Kd7 50. a8=Q 1-0

[Event "Mechanics' Spring TNM; G/2"]
[Site "San Francisco"]
[Date "2015.03.24"]
[Round "2.27"]
[White "McKellar, Daniel"]
[Black "Cole, Tony"]
[Result "1/2-1/2"]
[WhiteElo "1674"]
[BlackElo "1487"]
[Annotator "Donaldson"]
[PlyCount "123"]
[EventDate "2015.??.??"]

1. d4 d5 2. c4 Nf6 3. cxd5 Nxd5 4. Nf3 Bf5 5. Qb3 b6 6. e3 e6 7. Nc3 Nb4 8. e4
Bg4 9. Ne5 Bh5 10. Be3 f6 11. Nd3 Nxd3+ 12. Bxd3 Bf7 13. Bc4 Qd7 14. O-O Be7
15. Rac1 O-O 16. d5 exd5 17. Nxd5 c6 18. Nb4 b5 19. Bxf7+ Rxf7 20. Rfd1 Qe8 21.
Nxc6 Nxc6 22. Qxb5 Ne5 23. Qxe8+ Rxe8 24. Rc7 Rd8 25. Rxd8+ Bxd8 26. Rxf7 Kxf7
27. Bxa7 Ke6 28. Kf1 Nd3 29. b3 Nc1 30. b4 Nxa2 31. Bc5 Kd7 32. Ke2 Nc3+ 33.
Kd3 Nb5 34. f4 Kc6 35. e5 fxe5 36. fxe5 Kd5 37. Bf8 g6 38. Bd6 Bb6 39. h4 Bf2
40. h5 gxh5 41. Ke2 Bg3 42. Kf3 h4 43. Kg4 Nxd6 44. exd6 Kxd6 45. Kf3 Kd5 46.
Ke2 Kc4 47. Kf1 {Diagram [#]} Kxb4 (47... Bh2 $1 {wins. Once White's king
reaches g1 Black no longer has a way to force it from the corner, making
stalemate inevitable.}) 48. Kg1 Kc4 49. Kh1 Kd3 50. Kg1 Ke3 51. Kh1 Kf4 52. Kg1
Kg4 53. Kh1 h5 54. Kg1 Bf4 55. Kh1 Kg3 56. Kg1 Be3+ 57. Kh1 Bd2 58. Kg1 Be1 59.
Kh1 Bd2 60. Kg1 Bf4 61. Kh1 Kf2 62. g3 1/2-1/2

[Event "Mechanics' Summer TNM; G/2"]
[Site "San Francisco"]
[Date "2015.06.16"]
[Round "4.37"]
[White "McKellar, Daniel"]
[Black "Cole, Tony"]
[Result "1/2-1/2"]
[WhiteElo "1642"]
[BlackElo "1460"]
[PlyCount "79"]
[EventDate "2015.??.??"]

1. e4 e5 2. Nf3 Nc6 3. Bb5 Nge7 4. c3 a6 5. Ba4 d6 6. h3 Bd7 7. O-O Ng6 8. d4
Nh4 9. Nbd2 h6 10. Re1 g5 11. g4 h5 12. Nh2 hxg4 13. hxg4 Qf6 14. Ndf1 Ng6 15.
d5 Nce7 16. Bxd7+ Kxd7 17. Qf3 Nf4 18. Bxf4 gxf4 19. Qd3 Ng6 20. f3 Rh3 21. Re2
Be7 22. Rc1 Rah8 23. Rg2 Nh4 24. g5 Qg6 25. Rg4 Bxg5 26. Kf2 Qh5 27. Rg1 f6 28.
c4 Ng6 29. Ng4 Nh4 30. Nd2 Ke7 31. c5 f5 32. exf5 Nxf5 33. Ke2 Nd4+ 34. Kd1 Rh1
35. cxd6+ Kxd6 36. Qa3+ Kd7 37. Nxe5+ Ke8 38. Qa4+ Nc6 39. Rxh1 Qxh1+ 40. Kc2 {
and drawn in 51 moves. Remaining score unavailable.} 1/2-1/2